[Event "EU-ch 2nd"]
[Site "Ohrid"]
[Date "2001.06.06"]
[Round "6"]
[White "Djuric, Stefan"]
[Black "Golod, Vitali"]
[Result "1-0"]
[WhiteElo "2483"]
[BlackElo "2593"]
[Annotator "Golod,V"]
[PlyCount "97"]
[EventDate "2001.06.01"]
[EventType "swiss"]
[EventRounds "13"]
[EventCountry "YUG"]
[SourceTitle "CBM 084"]
[Source "ChessBase"]
[SourceDate "2001.09.13"]
[SourceVersion "1"]
[SourceVersionDate "2001.09.13"]
[SourceQuality "1"]

1. d4 Nf6 2. c4 g6 3. g3 c6 4. Bg2 d5 5. Qa4 $5 {[%mdl 4] By this rare move
the contender wants to bring down me from the theory.} e6 ({Was checked in the
previous games:} 5... dxc4 $5 6. Qxc4 Bg7 7. Nf3 O-O 8. O-O Bf5 9. Nc3 Nbd7 10.
Re1 Nb6 11. Qb3 Ne4 $11 {Kutirov,R-Konopka,M/Ohrid,2001(1/2-1/2)(36)}) (5...
Bg7 6. cxd5 Nxd5 7. Nf3 O-O 8. O-O Bf5 9. Nbd2 Nb6 10. Qa3 Qd6 $13 {Hoelzl,
F-Eisterer,H/Austria,1987(0-1)(26)}) ({and} 5... Nbd7 $6 6. cxd5 Nb6 7. Qb3
cxd5 8. Nc3 Bg7 9. Nf3 O-O 10. O-O Ne4 11. a4 Nxc3 12. bxc3 e6 13. Nd2 $14 {
Djuric,S-Konopka,M/Arco,2000(1-0)(35)}) (5... Nfd7 $5 {An interesting idea
which was mentioned by Mikhalevski,V after the game.}) 6. Nf3 Nbd7 {[%csl Ra4,
Rc4][%cal Gd7b6]} ({Is a possible continuation of the play:} 6... Bg7 7. O-O (
7. cxd5 $5 exd5 8. Qa3 {[%csl Re8][%cal Ga3f8]}) 7... O-O 8. Bf4 Nbd7 9. Nbd2
Ne4 10. Qc2 Nxd2 11. Bxd2 dxc4 12. Qxc4 e5 $11 {Dautov,R-Slobodjan,R/
Altenkirchen,1999(1/2-1/2)(14)}) 7. cxd5 $5 $146 ({Does not put problems
before black:} 7. Nbd2 Bg7 8. O-O O-O 9. Qc2 b5 $6 (9... Re8 $5 {[%cal Ge6e5]})
10. c5 $14 {Pavlovic,M-Boensch,U/Ano Liosia,1995 (1-0)(42)}) 7... exd5 8. O-O
Bg7 ({Probably,was necessary to decide on:} 8... Bd6 9. Bh6 (9. Bf4 $5) 9...
Ng4 10. Bg5 Qb6 $13 {[%csl Rb2][%cal Ge8g8,Gh8f8]}) 9. Qa3 {[%csl Re8][%cal
Ga3f8]} Bf8 ({After:} 9... Qe7 {white have a choice:} 10. b3 $5 ({or} 10. Qxe7+
Kxe7 11. b3 {-see the game,after:13.b3})) 10. Qb3 $1 ({Much worse is:} 10. Qe3+
Qe7 $11) 10... Bg7 $140 11. Qe3+ Qe7 ({Badly:} 11... Ne4 $2 {in view of:} 12.
Nfd2 {[%csl Re4,Re8][%cal Gf2f3]} O-O (12... f5 $2 13. f3 c5 {[%csl Re3,Rg1,
Gg7]} 14. Nb3 $16) 13. Nxe4 dxe4 14. Qxe4 {and white has a pawn up without
seen indemnification.} (14. Bxe4 $6 Nf6 $36)) 12. Qxe7+ Kxe7 13. b3 Rd8 {
[%cal Ge7f8,Gf8g8]} ({Probably,it was better:} 13... Ne4 $5 14. Ba3+ $140 Kd8 {
[%cal Gh8e8]}) ({or} 13... h6 $5 {[%cal Yh6g5]} 14. Ba3+ Kd8 15. Nc3 Re8) 14.
Ba3+ Ke8 {[%cal Gg7f8]} 15. Bd6 {+/=/=} ({It deserves attention:} 15. Nc3)
15... Nb6 16. Bc7 {Is rather logical to force black to put rook on "d7".} Rd7
17. Be5 Re7 18. Nc3 Bg4 19. Ng5 $5 {[%csl Rg7][%cal Gg5h7] White play very
interestingly!} (19. Rfe1 $143 Nbd7 $11) 19... h6 20. Nh7 Nbd7 21. Nxf6+ ({
Does not pass:} 21. h3 $2 {because of:} Nxe5 22. Nxf6+ Bxf6 23. hxg4 (23. dxe5
$143 Bxe5 {[%csl Rc3,Re2]}) 23... Nxg4 $17) 21... Bxf6 22. Bxf6 ({Pretty
dubiously:} 22. f4 $6 Nxe5 23. dxe5 (23. fxe5 $6 Bg5 24. Kf2 f6 $36) 23... Bg7
{with positional advantage of black.}) 22... Nxf6 {I thought, that a position
equal and has offered a drawn game,but my contender, thought differently.} 23.
f3 Bf5 $1 24. Rae1 (24. g4 Bd7 25. Rae1 c5 $1 $132) 24... Kf8 {[%cal Ga8e8]}
25. e4 dxe4 (25... Rae8 $143 26. e5 Nd7 27. f4 $14) 26. fxe4 Rae8 27. e5 ({
Leads to draw:} 27. Rf4 Nh5 28. Rf2 Nf6 29. Rf4 {and so on.}) 27... Nd7 28. h3
$1 {[%cal Gg3g4]} ({Badly:} 28. Be4 {because of:} Nxe5 $1 (28... Bxe4 $5 29.
Rxe4 $8 (29. Nxe4 $4 Nxe5 $1 30. dxe5 (30. Nd6 Nf3+) 30... Rxe5 31. Rf4 g5 $19
{[%csl Re4,Yf4][%cal Gg5f4]}) 29... Kg7 $11 {[%cal Gf7f6]}) 29. dxe5 $8 (29.
Bxf5 $4 Nf3+ 30. Rxf3 Rxe1+ $19) 29... Rxe5 30. Rf4 g5 31. Rxf5 Rxf5 32. Bxf5
Rxe1+ 33. Kf2 Rc1 $13) 28... Kg7 (28... h5 $6 29. Rf4 {[%cal Gg3g4]}) ({
Good enough:} 28... Kg8 $5 29. g4 $140 Be6 30. Ne4 Rd8 {and now white can not
transfer knight on "f5".}) 29. g4 Be6 30. Ne4 Rf8 {[%cal Gf7f6]} 31. Nd6 {
[%cal Gd6f5]} Nb6 32. Rf4 Bd5 $6 {[%mdl 16384] After exchange of the bishops
it will be heavier to me to protect of the weakness.} ({It is necessary:} 32...
Nc8 $5 33. Nf5+ $1 (33. Ne4 $6 Rd8 $132 {[%csl Rd4][%cal Ge7d7]}) 33... gxf5
34. gxf5 Bxf5 35. Rxf5 Re6 {[%cal Gf7f6,Gc8e7] +/=/=} (35... Rd8 $143 {[%csl
Rd4]} 36. Re4 $14)) 33. Ref1 Bxg2 34. Kxg2 Nc8 35. Ne4 Rd8 36. Nc5 {[%csl Gc5,
Rd8,Ye7,Yf7][%cal Gf4f7,Yf7e6]} Rd5 37. e6 $6 (37. b4 $5) 37... Nd6 $2 $138 ({
I could balance a position:} 37... f5 $1 38. gxf5 gxf5 39. Rxf5 Rxf5 40. Rxf5
b6 $11 {[%csl Yc5,Re6][%cal Yb6c5]}) (37... fxe6 $4 38. Nxe6+ Kg8 (38... Rxe6
39. Rf7+ Kh8 40. Rf8+ Kg7 41. R1f7#) 39. Rf8+ Kh7 40. R1f7+ Rxf7 41. Rxf7+ Kg8
42. Rf8+ Kh7 43. Rxc8 $18) 38. Rf6 $2 ({Much better is:} 38. exf7 Rxf7 (38...
Nxf7 $6 39. Ne6+ Kg8 40. Rf6 Nh8 $14 (40... g5 $143 {and see the game,after:40.
..Kg8})) 39. Rxf7+ Nxf7 40. Ne6+ (40. Nxb7 Rxd4 41. Nc5 $14) 40... Kg8 41. Rf6
g5 42. Kf3 $14) 38... g5 $2 {The mistake follows a mistake.} ({It was
necessary:} 38... Rxd4 39. exf7 Rd2+ 40. Kg3 Rxf7 41. Ne6+ Kg8 42. Rxg6+ Kh7
43. Nf8+ (43. Rxf7+ Kxg6 44. Rd7 $11) 43... Rxf8 44. Rxd6 Rxd6 45. Rxf8 Kg6 $11
) 39. exf7 Nxf7 $6 ({Can be recommended:} 39... Rxf7 40. Ne6+ Kg8 41. Rxh6 Rxf1
42. Kxf1 Ne4 $44) 40. Ne6+ Kg8 41. Rg6+ Kh8 42. Rff6 {[%csl Yd5,Ge6,Ye7,Gf6,
Yf7,Gg6] The white figures dominate above black figures.} Rdd7 43. Kg3 b6 (
43... Re8 $5 {[%cal Ge8g8]}) 44. h4 $16 gxh4+ $2 {Next my mistake.I very
poorly see off this part of a game.} ({More stubborn resistance after:} 44...
c5 45. dxc5 (45. hxg5 $5 cxd4 46. gxh6 d3 47. Nf4 $40 {/\Rg7 and Ng6}) 45...
Rd3+ 46. Kf2 bxc5 (46... gxh4 $2 47. c6 h3 48. c7 Rc3 49. Kg1 Rc2 50. Rf2 $16 {
[%csl Rc7]}) 47. hxg5 hxg5 48. Nxg5 $16) 45. Kxh4 Rd6 46. Kg3 Rdd7 (46... c5
$142 47. dxc5 Rd3+ 48. Kg2 bxc5 49. Nxc5 $16) 47. g5 $1 {Only here I have
understood idea of white.} hxg5 $2 (47... c5 $8 48. dxc5 hxg5 49. c6 $16 (49.
Rf1 $2 Rd3+ $132 {[%csl Rg3]})) (47... Rxe6 $2 48. Rxe6 hxg5 49. Rxc6 $18) 48.
Rf1 $18 {[%csl Rh8][%cal Gf1h1]} Rxd4 (48... Nd6 49. Rh6+ Rh7 (49... Kg8 50.
Rf8#) 50. Rf8#) 49. Nxd4 1-0

[Event "Bundesliga 0001"]
[Site "Germany"]
[Date "2001.03.11"]
[Round "11.4"]
[White "Lisanti, Andre"]
[Black "Stangl, Markus"]
[Result "0-1"]
[WhiteElo "2300"]
[BlackElo "2479"]
[Annotator "Hecht,H"]
[PlyCount "126"]
[EventDate "2000.10.14"]
[EventType "team-tourn"]
[EventRounds "15"]
[EventCountry "GER"]
[SourceTitle "CBM 082"]
[Source "ChessBase"]
[SourceDate "2001.05.17"]
[SourceVersion "1"]
[SourceVersionDate "2001.05.17"]
[SourceQuality "1"]
[WhiteTeam "Schott Mainz"]
[BlackTeam "Tegernsee"]
[WhiteTeamCountry "GER"]
[BlackTeamCountry "GER"]

1. g3 Nf6 2. Bg2 g6 3. d4 d5 4. c4 Bg7 5. cxd5 Nxd5 6. Nc3 Nb6 7. e3 O-O 8.
Nge2 e5 9. d5 c6 10. e4 cxd5 11. Nxd5 Nxd5 12. exd5 Bf5 13. Be3 Na6 14. O-O Qd6
15. a3 Rfc8 16. Nc3 Qd7 17. Qe2 Nc5 18. Rad1 Nb3 19. Qb5 Nd4 20. Qxd7 Bxd7 21.
d6 Bc6 22. Nd5 Rd8 23. Ne7+ Kf8 24. Nxc6 bxc6 25. b4 Rac8 26. Bh3 f5 27. g4
Rxd6 28. gxf5 Rcd8 29. Bxd4 Rxd4 30. Rxd4 exd4 31. fxg6 hxg6 32. Bg2 d3 33.
Bxc6 d2 34. Rd1 Bb2 35. a4 Bc3 36. b5 Rd4 37. Bf3 Rxa4 38. Kf1 Rb4 39. Be2 Ke7
40. Kg2 Kf6 41. Bd3 g5 42. Kf3 Rh4 43. Kg2 Ke5 44. Be2 Re4 45. Kf1 Rf4 46. Kg2
Ke4 47. h3 Kd5 48. Rb1 Bd4 49. f3 Bc5 50. Kf1 Rd4 51. Bd1 Kc4 52. Rb3 Rd5 53.
Rb1 Re5 54. Be2+ Kc3 55. Ra1 Re7 56. Ra2 Bb4 57. Ra4 Kb3 58. Bd1+ Kc3 59. Be2 {
[#] Übergang in ein gewonnenes Bauernendspiel nach indirektem Figurentausch;
Endspieltaktik} Kc2 60. Rxb4 $2 (60. Ra1 Bc3 61. Rd1 Bd4 $22 $19) (60. Ra2+
$142 Kb3 61. Ra6 Kb2 62. Ra4 Bc3 63. Ra6 {indes bereitet Probleme und ist
näher zu prüfen.}) 60... Rxe2 $1 61. Rc4+ Kd3 62. Rd4+ Kxd4 63. Kxe2 Kc3 ({
Sogar} 63... d1=Q+ 64. Kxd1 Ke3 65. Kc2 Kxf3 66. Kb3 Kg3 67. Kb4 Kxh3 68. Ka5
g4 69. Ka6 g3 70. Kxa7 g2 71. b6 g1=Q $19 {gewinnt, weil der Weg des Weißen
zum Ba7 zu lang ist.}) 0-1

[Event "Beersheba 16th"]
[Site "Beersheba"]
[Date "1997.02.26"]
[Round "3"]
[White "Kortschnoj, Viktor Lvovich"]
[Black "Dvoirys, Semen I"]
[Result "1/2-1/2"]
[WhiteElo "2635"]
[BlackElo "2590"]
[Annotator "Hecht,H"]
[PlyCount "86"]
[EventDate "1997.02.24"]
[EventType "tourn"]
[EventRounds "11"]
[EventCountry "ISR"]
[EventCategory "12"]
[SourceTitle "CBM 058"]
[Source "ChessBase"]
[SourceDate "1997.06.01"]
[SourceVersion "1"]
[SourceVersionDate "1997.06.01"]
[SourceQuality "1"]

1. d4 Nf6 2. c4 g6 3. Nc3 d5 4. cxd5 Nxd5 5. g3 Bg7 6. Bg2 Nb6 7. e3 O-O 8.
Nge2 e5 9. d5 c6 10. e4 cxd5 11. exd5 Na6 12. O-O Bf5 13. a3 Qd7 14. b3 Bh3 15.
Be3 Bxg2 16. Kxg2 Rfd8 17. Bxb6 axb6 18. b4 Nc7 19. Qb3 e4 20. Rad1 Nb5 21.
Nxb5 Qxb5 22. Rfe1 Qa4 23. Qxa4 Rxa4 24. Nf4 Rxa3 25. Rxe4 Bf8 26. Red4 Bd6 {
[#]} 27. Ne6 Rc8 28. Ng5 Rb3 29. Ne4 Be5 30. Nd2 Rxg3+ 31. hxg3 Bxd4 32. d6 f5
33. Ne4 fxe4 34. Rxd4 {[#] Nach Zug 37 2-2 am Königsflügel sowie 0-1 am
Damenflügel. Ooptimale Turmstellung für den Verteidiger bei aktivem weißen und
passivem schwarzen König. ===> Remis (einfach)} Rd8 35. Rxe4 Rxd6 36. Re7 Rd4
37. Rxb7 Rxb4 {[#]} 38. f4 $11 h6 39. Kh3 Rb3 (39... Kf8 40. g4 Ke8 41. f5 $11)
40. Kh4 Rb5 41. g4 Rb4 42. Kg3 Rb3+ 43. Kh4 Rb4 1/2-1/2

[Event "Rubinstein Memorial 32nd"]
[Site "Polanica Zdroj"]
[Date "1995.??.??"]
[Round "4"]
[White "Krasenkow, Michal"]
[Black "Ftacnik, Lubomir"]
[Result "1-0"]
[WhiteElo "2590"]
[BlackElo "2580"]
[Annotator "Krasenkow,M"]
[PlyCount "73"]
[EventDate "1995.08.??"]
[EventType "tourn"]
[EventRounds "11"]
[EventCountry "POL"]
[EventCategory "14"]
[SourceTitle "CBM 049"]
[Source "ChessBase"]
[SourceDate "1995.12.01"]
[SourceVersion "1"]
[SourceVersionDate "1995.12.01"]
[SourceQuality "1"]

1. Nf3 {Ftacnik} Nf6 2. d4 g6 3. c4 Bg7 4. g3 d5 5. cxd5 Nxd5 6. Bg2 Nb6 7. Nc3
Nc6 8. e3 O-O 9. Qe2 $6 $146 (9. O-O {Ftacnik} Re8 10. Qe2) 9... Be6 (9... e5
10. dxe5 Nxe5 11. Nxe5 Bxe5 12. O-O c6 $13) (9... Bg4 {Ftacnik} 10. h3 Bxf3 11.
Bxf3 e5 12. dxe5 (12. Bxc6 exd4 13. Bxb7 Rb8 $132) 12... Bxe5 (12... Nxe5 13.
Bxb7 Nd3+ 14. Kf1 Rb8 15. Be4 $16) 13. O-O $14) 10. b3 (10. Nd2 {Ftacnik} Qc8
$13) 10... Bg4 (10... a5 $5) 11. Ba3 $2 (11. h3 Bxf3 12. Bxf3 e5 13. Bxc6 exd4
14. Bxb7 (14. Ba3 {Ftacnik} bxc6 15. Bxf8 Qxf8) 14... Rb8 $13) 11... Re8 $2 (
11... e5 $3 12. Bxf8 Qxf8 {Ftacnik} 13. d5 (13. dxe5 Nxe5 14. Rc1 Qb4 $17) (13.
O-O-O exd4 14. exd4 Nxd4 15. Qd3 Qa3+ 16. Kb1 Bf5 $19) (13. Rc1 exd4 14. Nd1
Rd8 $15) 13... e4 (13... Qb4 14. O-O e4 (14... Qxc3 15. Rac1 Qb4 16. dxc6 e4
17. cxb7 Rb8 18. Qd2 $18) 15. Nxe4 Nxd5 16. Qc4 Bxa1 17. Qxb4 Ncxb4 18. Rxa1
$13) (13... Nd4 14. exd4 exd4 15. O-O dxc3 16. Rad1 $14) 14. Nxe4 Qb4+ 15. Ned2
Bxa1 16. dxc6 bxc6 17. O-O $13) 12. Rd1 (12. h3 Bxf3 13. Bxf3 e5 14. Bxc6 bxc6
15. dxe5 Bxe5 16. Rc1 Nd5 17. Nd1 $13 (17. Na4 $2 Bxg3) (17. Ne4 $2 f5 18. Nc5
Bxg3) (17. Nxd5 cxd5 18. O-O d4 $132)) 12... e5 13. dxe5 (13. d5 $2 {Ftacnik}
Nd4 $1 14. exd4 exd4 $17) 13... Qc8 14. h3 Nxe5 (14... Bxf3 15. Qxf3 (15. Qxf3
{Ftacnik} Bxe5 16. Ne4 $16 f5 17. Nc5 $16)) (14... Bxe5 {Ftacnik} 15. Ne4 Bxf3
16. Qxf3) (14... Bd7 {Ftacnik} 15. Ne4 Nxe5 16. Nxe5 Bxe5 17. Bb2 $16 {xf6})
15. hxg4 Nxf3+ 16. Bxf3 (16. Qxf3 $6 Bxc3+ 17. Ke2 Qe6 (17... c6 {Ftacnik} 18.
Rxh7 $1 $18) 18. Qxb7 Qxg4+ 19. Bf3 Qf5 $13) 16... Bxc3+ 17. Kf1 $14 c6 18. Kg2
Qe6 (18... Rd8 $1 $14) (18... Rd8 $1 $8 {Ftacnik} 19. Qc2 Bf6 20. Qc5 $14) 19.
Rd6 Qe5 20. Rhd1 $16 {<->d, xNb6} a5 (20... Qa5 $142 21. Bc1 $16 (21. Bc1 {
Ftacnik} Be5 22. R6d3 Bf6 23. e4 Rad8 24. Rxd8 Rxd8 25. Rxd8+ Bxd8 26. e5 $14)
(21. Bb2 Bxb2 22. Qxb2 Qe5 $1 23. Qd2 a5 $13)) 21. R6d3 $1 (21. R1d3 $6 {
Ftacnik} a4 $1 22. Qc2 axb3 23. Qxb3 Rxa3 $1 24. Qxa3 Nc4 25. Qxc3 Qxc3 26.
Rxc3 Nxd6 $10) 21... a4 (21... Qf6 22. Qc2 Be5 23. Qc5 $16 Bc7 (23... Ra6 24.
Be2) 24. R3d2 {/\Bb2}) (21... Bb4 {Ftacnik} 22. Bb2 Qe6 23. Ba1 Ba3 (23... Be7
24. Qb2 f6 25. g5 $18) 24. Qe1 (24. Qd2 Nd5) 24... Bb4 25. Qh1 $1 {Krasenkov}
Bf8 (25... a4 26. Qxh7+ $1 $18) 26. Qh4 $40) 22. Qc2 axb3 23. Qxb3 Ba5 24. Bb2
$1 $18 Qe6 25. Ba1 $6 (25. Bd4 $1 Ra6 (25... Nd5 26. Ba1 $1 $18) (25... Qxb3 {
Ftacnik} 26. Rxb3) 26. Rb1 $18 {xb7}) 25... Nc4 $1 (25... Qxb3 26. Rxb3 Re7 (
26... c5 27. Rb5 (27. Bxb7 {Ftacnik} Ra7 28. Bc6 Rc8 29. Rb5 c4 30. Bf6 Na4 31.
Bd4 $18) 27... c4 28. Bd4 $18) 27. Bf6 Rd7 (27... Re6 28. Bd4) 28. Rdb1 c5 (
28... Nd5 29. Bxd5 cxd5 30. Rxb7 $18) 29. Rxb6 Bxb6 30. Rxb6 Ra6 (30... Rxa2
31. Bxb7 $18) 31. Rxa6 bxa6 32. Be2 $18 {_|_}) 26. Qxb7 Bb6 27. Bxc6 $1 (27.
Qxc6 Rxa2 28. Kf1 (28. Qxe6 fxe6 $132 (28... fxe6 {Ftacnik} 29. Kg1 Rf8 {xf2}))
(28. Kg1 Ne5 29. Bxe5 Qxc6 30. Bxc6 Rxe5 $14) (28. Bd5 $2 {Ftacnik} Nxe3+ 29.
Rxe3 Qxc6 30. Bxc6 Rxe3) 28... Bxe3 29. fxe3 Nxe3+ 30. Kg1 Qxc6 31. Bxc6 Nxd1
32. Rxd1 Rc8 $14) (27. a3 $5 Rec8) 27... Ra7 28. Qxb6 (28. Rd6 $2 {Ftacnik}
Qxd6 (28... Nxd6 29. Qxb6 Nc8 30. Qb5 Rf8 31. Bd5 $16) 29. Qxb6 Nxe3+ $3 30.
fxe3 (30. Qxe3 Qxc6+ 31. Qf3 Qxf3+ 32. Kxf3 Rxa2 $17) 30... Rxa2+ 31. Bb2 Qxd1
$19) 28... Nxb6 29. Bxe8 $16 Ra8 (29... Rxa2 {Ftacnik} 30. Rd8 Rxa1 31. Bd7+
Kg7 32. Bxe6 $18) (29... Kf8 {Ftacnik} 30. Bb5 Ke7 31. g5 $1 $18) 30. Bb5 f6 $2
$138 (30... Rf8 31. Rd6 (31. g5 $1 $18 {Ftacnik}) 31... Qe4+ 32. Kg1 $16) (
30... Qe7 {Ftacnik} 31. a4 $1 f6 (31... Nxa4 32. Bxa4 Qe4+ 33. Kg1 Qxa4 34.
Rd8+ $18) 32. Rd6 $18) 31. Rd6 Qxg4 $2 (31... Qe4+ {Ftacnik} 32. Kg1 Qxg4 33.
Rc1 (33. R1d4 Qf5 34. Rxb6 Qb1+) 33... Rb8 34. Bd4 Qf5 35. a4 $18) 32. R1d4 Qf5
33. Rxb6 Rc8 34. Bd7 Qc5 35. Rxf6 Rf8 36. Be6+ Kg7 37. Rf7+ (37. Rf7+ {Ftacnik}
Rxf7 (37... Kh6 38. Rh4+ Kg5 39. Bf6#) 38. Rd5+) 1-0

[Event "Corus-B"]
[Site "Wijk aan Zee"]
[Date "2005.01.16"]
[Round "2"]
[White "Nikolic, Predrag"]
[Black "Smeets, Jan"]
[Result "1/2-1/2"]
[WhiteElo "2676"]
[BlackElo "2475"]
[Annotator "Krasenkow,M"]
[PlyCount "76"]
[EventDate "2005.01.15"]
[EventType "tourn"]
[EventRounds "13"]
[EventCountry "NED"]
[EventCategory "13"]
[SourceTitle "CBM 105"]
[Source "ChessBase"]
[SourceDate "2005.04.11"]
[SourceVersion "1"]
[SourceVersionDate "2005.04.11"]
[SourceQuality "1"]

1. d4 Nf6 2. c4 g6 3. Nf3 Bg7 4. g3 d5 5. cxd5 Nxd5 6. Bg2 Nb6 7. Nc3 Nc6 8. e3
e5 {One of the possible ways to avoid main D76 lines arising after} (8... O-O
9. O-O e5 10. d5) 9. d5 (9. O-O exd4 10. exd4 O-O {, again evading D76.}) 9...
Nb4 $5 {A new twist, instead of the "normal"} (9... Ne7) 10. e4 c6 11. a3 Na6 {
From a5 (in the "normal" lines) this knight aims to c4; from a6 it goes to c5
and then to a4 (sometimes to c7 and then to b5). It is not easy for White to
prevent that as Be3 can be met with ...Nc4 (and b4 seriously weakens the c4
square). White hasn't found a satisfactory solution of this strategic problem
so far.} 12. dxc6 ({Here is a model game demonstrating Black's plan:} 12. O-O
cxd5 13. exd5 O-O 14. Re1 Re8 15. Ra2 {This plan is too slow!} Bd7 16. b3 Nc5
17. Rae2 f6 18. Bb2 Rc8 19. h3 a5 20. a4 Bf5 21. Nd4 Bd3 22. Re3 f5 23. Ne6
Nxe6 24. Rxd3 e4 25. Rd2 Nc5 26. Bf1 Nbd7 $17 {0-1 Arkell,K-Kazhgaleyev,M/
Cappelle la Grande 2002/CBM 086 ext (40)}) (12. a4 $5 O-O 13. a5 Nc4 14. Qb3
cxd5 (14... Nxa5 $5) 15. Nxd5 Nxa5 16. Qc3 b6 17. b4 Bb7 18. bxa5 Bxd5 19. axb6
axb6 20. exd5 e4 21. Nd4 Qxd5 22. Be3 Rfc8 23. Qd2 Rc4 24. O-O Rxd4 25. Bxd4
Qxd4 26. Qxd4 Bxd4 27. Ra4 Bc3 28. Bxe4 Ra7 29. Bd3 Ba5 30. Bxa6 Rxa6 31. Rd1
Ra7 $14 {1-0 Tkachiev,V-Van Wely,L/France 2003/CBM 095/[Mueller,Karsten] (65)})
12... Qxd1+ {This is the point: White is creating a weak c6 pawn in the black
camp but... he hasn't castled yet, which enables Black to obtain counterplay
by tactical means. Of course, similar play would be impossible in the D76 line,
when the castlings were included.} 13. Nxd1 Nc5 $1 ({Not immediately} 13...
bxc6 $2 14. Be3 $1 {[%csl Ra6]} Nc7 15. Rc1 Bd7 16. O-O Nb5 17. Bc5 Na4 18. Re1
Nxc5 19. Rxc5 f6 20. Ne3 Bf8 21. Rc2 Be7 22. Bf1 Nd6 23. Nc4 Nxc4 24. Bxc4 Bd8
25. Bb3 Ba5 26. Rec1 Ke7 27. Ba4 Rac8 28. Bxc6 $16 {1-0 Akhmilovskaya,
E-Belakovskaia,A/USA 1994/EXT 98 (48)}) 14. Be3 Nb3 15. Rb1 bxc6 {[%csl Gb3]}
16. Nd2 Nxd2 (16... Nd4 $5 17. Rc1 Ba6 18. Bf1 Bxf1 19. Kxf1 Rc8 20. Bxd4 exd4
21. Ke2 O-O 22. f4 c5 23. b3 Rc7 24. Nb2 Rb8 25. Rc2 f5 26. e5 Bf8 27. Rhc1 Nd5
$132 {1/2-1/2 Gagunashvili,M-L'Ami,E/Groningen 2004/CBM 105 (36)}) 17. Bxd2 Nc4
18. Ne3 Nxd2 19. Kxd2 {[%csl Rc6,Gc8,Gg7] White has got rid of the active
black knights but a pair of active bishop guarantees Black a sufficient
compensation for the weak c6 pawn.} Be6 20. Rhc1 O-O-O+ 21. Ke1 Rd6 22. Rc3 Bh6
23. Rbc1 Kb7 24. Bf3 Rhd8 25. R1c2 Rd3 $1 26. Rxc6 (26. Rxd3 Rxd3 27. Be2 Rd4
28. Nc4 Bxc4 $11) 26... Bxe3 27. fxe3 Rxe3+ 28. Kf2 Rb3 29. R6c5 Rd6 (29... Rc8
$5) 30. Rxe5 Rdb6 31. Ra5 Rxb2 32. e5+ Kb8 33. Rxb2 Rxb2+ 34. Ke3 Rxh2 35. Rb5+
Kc8 36. Rc5+ Kb8 37. Rb5+ Kc8 38. Rc5+ Kb8 1/2-1/2

[Event "RUS-ch"]
[Site "Elista"]
[Date "1995.??.??"]
[Round "5"]
[White "Fominyh, Alexander"]
[Black "Krasenkow, Michal"]
[Result "1/2-1/2"]
[WhiteElo "2515"]
[BlackElo "2590"]
[Annotator "Krasenkow,M"]
[PlyCount "57"]
[EventDate "1995.10.??"]
[EventType "swiss"]
[EventRounds "11"]
[EventCountry "RUS"]
[SourceTitle "CBM 050"]
[Source "ChessBase"]
[SourceDate "1996.02.01"]
[SourceVersion "1"]
[SourceVersionDate "1996.02.01"]
[SourceQuality "1"]

1. d4 Nf6 2. Nf3 g6 3. c4 Bg7 4. g3 d5 5. cxd5 Nxd5 6. Bg2 Nb6 7. Nc3 Nc6 8.
O-O Nxd4 9. Nxd4 Qxd4 $5 (9... Bxd4 {-Inf.12/598}) 10. Nb5 Qc4 $1 11. a4 $1 (
11. Qb3 O-O) 11... O-O 12. b3 Qg4 13. Be3 $5 Qd7 $6 (13... Bxa1 14. Qxa1 c6 $1
(14... Rd8 $2 15. Nxc7 Rb8 16. a5) 15. Nc7 Bf5 $1 (15... Rb8 16. a5 Nd5 17.
Bxa7 Nxc7 18. Bxb8 $14) 16. Nxa8 (16. Bh6 f6 17. e4 Rac8 $1) 16... Rxa8 17. Qe5
$44) 14. Qxd7 Bxd7 15. Nxc7 Rac8 (15... Bxa1 16. Nxa8 Rxa8 17. Rxa1 $16) 16.
Rac1 Bb2 (16... Bc6 17. Bxb6 axb6 18. Nd5 Bxd5 19. Bxd5 $16) 17. Rb1 (17. Rc2
Be5 (17... Bf5 18. Rxb2 Rxc7 $14) 18. Bxb6 axb6 19. Rfc1 Bf5 20. e4 Be6 21.
Nxe6 Rxc2 22. Rxc2 fxe6 $14) 17... Rxc7 18. Rxb2 $14 Be6 19. Rd1 Nc8 $1 {
/\b6,Nd6} 20. h4 b6 21. Bh6 (21. a5 $5) 21... Re8 22. Bf4 Rc3 23. b4 Nd6 $1 24.
Bxd6 Rd8 25. Rbd2 Rxd6 26. Rxd6 exd6 27. Rxd6 Rc1+ 28. Kh2 Rc2 29. a5 (29. Rd8+
Kg7 30. Ra8 Rxe2 31. Rxa7 Rxf2 32. Kg1 Rb2 33. b5 Rb1+ 34. Kh2 Rb2 $10) (29. e4
Rxf2 30. Rd8+ Kg7 31. Ra8 Rb2 32. b5 Bc4 $10) (29. a5 bxa5 30. bxa5 Rxe2 31.
Ra6 Rxf2 $10) 1/2-1/2

[Event "Tata Steel-B 74th"]
[Site "Wijk aan Zee"]
[Date "2012.01.25"]
[Round "10"]
[White "Lagno, Kateryna"]
[Black "Potkin, Vladimir"]
[Result "1/2-1/2"]
[WhiteElo "2557"]
[BlackElo "2684"]
[Annotator "Let's Check"]
[PlyCount "100"]
[EventDate "2012.01.14"]
[EventType "tourn"]
[EventRounds "13"]
[EventCountry "NED"]
[EventCategory "15"]
[SourceTitle "CBM 147"]
[Source "ChessBase"]
[SourceDate "2012.03.16"]
[SourceVersion "1"]
[SourceVersionDate "2012.03.16"]
[SourceQuality "1"]

1. c4 Nf6 2. Nf3 c6 3. g3 d5 4. Bg2 g6 5. Qa4 e6 6. d4 Bg7 7. O-O O-O 8. Qc2 b6
9. Bf4 Bb7 10. Nbd2 Nbd7 11. b4 Re8 12. Bd6 a5 13. a3 Ba6 14. Rfe1 c5 15. bxc5
bxc5 16. dxc5 Rc8 17. cxd5 Nxc5 18. Bxc5 Nd7 19. dxe6 $1 Rxe6 20. Bh3 Rxc5 21.
Qd1 Bxe2 22. Rxe2 Rxe2 23. Qxe2 Bxa1 24. Nb3 Rc7 25. Nxa1 Rc1+ 26. Kg2 Rxa1 27.
Qd3 Qe7 $1 28. Bxd7 Rxa3 29. Qd4 Rb3 30. Ne5 Qf6 $2 (30... Rb4 31. Qd5 a4 $11)
31. Be8 $6 (31. Qc5 h6 32. Be8 $18) 31... Rb7 $11 32. Qd5 Re7 33. Bxf7+ Rxf7
34. Nxf7 Qxf7 35. Qxa5 Qb7+ 36. f3 Qb2+ 37. Kh3 Qd4 38. Qa8+ Kg7 39. Qb7+ Kg8
40. Qe4 Qd7+ 41. g4 Qd6 42. f4 Qd2 43. Qe8+ Kg7 44. Qe7+ Kg8 45. f5 gxf5 46.
gxf5 Qf4 47. Qe6+ Kg7 48. Kg2 Qg4+ 49. Kf2 Qf4+ 50. Kg2 Qg4+ 1/2-1/2